ESTUDIO DE CARACTERÍSTICAS FÍSICAS Y MECÁNICAS DE MATERIAL BALASTO UTILIZADO EN EL MANTENIMIENTO PREVENTIVO Y CORRECTIVO DE CAMINOS DE TERRACERÍA EN EL ÁREA PERIURBANA DE COBÁN ALTA VERAPAZ, PARA DETERMINAR SU USO ÓPTIMO EN LA CAPA DE RODADURA./ (Registro nro. 2026)

Detalles MARC
000 -LEADER
campo de control de longitud fija 03322nam a22003377a 4500
001 - NÚMERO DE CONTROL
campo de control TIC 0047
003 - IDENTIFICADOR DE NÚMERO DE CONTROL
campo de control gtcocun
005 - FECHA Y HORA DE LA ÚLTIMA TRANSACCIÓN
campo de control 20250922145732.0
006 - CÓDIGOS DE INFORMACIÓN DE LONGITUD FIJA--CARACTERÍSTICAS DEL MATERIAL ADICIONAL
campo de control de longitud fija a||||gr|||| 00| 0
007 - CAMPO FIJO DE DESCRIPCIÓN FÍSICA--INFORMACIÓN GENERAL
campo de control de longitud fija ta
008 - DATOS DE LONGITUD FIJA--INFORMACIÓN GENERAL
campo de control de longitud fija 250922b2024 gt ||||| m||| 00| 0 eng d
040 ## - FUENTE DE CATALOGACIÓN
Centro catalogador/agencia de origen gtcocun
Lengua de catalogación SPA
Centro/agencia transcriptor gtcocun
Normas de descripción RDA
041 ## - CÓDIGO DE IDIOMA
Código de lengua del texto/banda sonora o título independiente SPA TIC 0047
084 ## - OTRO NÚMERO DE CLASIFICACIÓN
Número de control del registro de autoridad o número normalizado TIC 0047
100 ## - ENTRADA PRINCIPAL--NOMBRE DE PERSONA
Nombre de persona Reyes Laparra, Arbi Uriel
Término indicativo de función/relación Autor
245 ## - MENCIÓN DEL TÍTULO
Título ESTUDIO DE CARACTERÍSTICAS FÍSICAS Y MECÁNICAS DE MATERIAL BALASTO UTILIZADO EN EL MANTENIMIENTO PREVENTIVO Y CORRECTIVO DE CAMINOS DE TERRACERÍA EN EL ÁREA PERIURBANA DE COBÁN ALTA VERAPAZ, PARA DETERMINAR SU USO ÓPTIMO EN LA CAPA DE RODADURA./
Mención de responsabilidad, etc. Arbi Uriel Reyes Laparra.
Medio Impreso
264 ## - PRODUCCIÓN, PUBLICACIÓN, DISTRIBUCIÓN, FABRICACIÓN Y COPYRIGHT
Producción, publicación, distribución, fabricación y copyright Cobán, Alta Verapaz:
Nombre del de productor, editor, distribuidor, fabricante Universidad de San Carlos de Guatemala, Centro Universitario del Norte, Ingeniería Civil
Fecha de producción, publicación, distribución, fabricación o copyright 2024
300 ## - DESCRIPCIÓN FÍSICA
Extensión 71 p.:
Otras características físicas Ilustraciones, gráficas.
Dimensiones 28 cm;
300 ## - DESCRIPCIÓN FÍSICA
Dimensiones PDF
336 ## - TIPO DE CONTENIDO
Fuente rdacontenido
Término de tipo de contenido Texto
Código de tipo de contenido txt
337 ## - TIPO DE MEDIO
Fuente rdamedio
Nombre/término del tipo de medio Computadora
Código del tipo de medio n
338 ## - TIPO DE SOPORTE
Fuente rdasoporte
Nombre/término del tipo de soporte Código en línea
Código del tipo de soporte cr
502 ## - NOTA DE TESIS
identificador de la tesis TIC 0047
502 ## - NOTA DE TESIS
Nota de tesis Tesis de grado
Tipo de título Ingeniería Civil,
Nombre de la institución que otorga el título Universidad de San Carlos de Guatemala, Centro Universitario del Norte, Ingeniería Civil
Año de obtención del título 2024
Identificador de la tesis TIC 0047
520 14 - RESUMEN, ETC.
Sumario, etc. La capa de rodadura de material balasto de una carretera es la capa diseñada para soportar<br/>el tránsito y proporcionar una superficie de conducción más segura. El material balasto se<br/>utiliza para el mejoramiento de la capa de rodadura en mantenimiento preventivo y<br/>correctivo en las carreteras del área periurbana del departamento de Cobán Alta Verapaz.<br/><br/>El balasto es un material de granulometría compuesto de piedra, grava, arena u otros tipos<br/>de agregados similares. Se utiliza como base en la construcción de carreteras para<br/>proporcionar una base sólida sobre la cual circulara el tránsito vehicular. El material balasto<br/>puede requerir diferentes métodos para obtener su optimo estado y proporcionar una<br/>superficie que funcione a la perfección. Para ello es necesario realizar lo siguiente:<br/><br/>Reparación de baches y grietas: para evitar problemas y daños mayores a la capa de<br/>rodadura, estos se pueden solucionar con agregar material balasto y compactarlo de forma<br/>adecuada. Se reemplaza el material cuando la capa de rodadura se encuentra deteriorada o<br/>contaminada con material no cohesivo, puede ser necesario reemplazar y agregar secciones<br/>de balasto. Esto implica extraer el material existente y reemplazarlo con balasto nuevo, y<br/>se debe de reemplazar con la compactación y humedad requerida.<br/><br/>Compactación: el balasto debe de ser humedecido y compactado adecuadamente para<br/>asegurar su resistencia, estabilidad y duración. Se debe utilizar rodos para compactar el<br/>material con la humedad necesaria para evitar posibles irregularidades, es importante que<br/>la capa de rodadura de balasto tenga un buen sistema de drenaje para evitar la acumulación<br/>de agua.
650 14 - PUNTO DE ACCESO ADICIONAL DE MATERIA--TÉRMINO DE MATERIA
Fuente del encabezamiento o término LEMB
Término de materia o nombre geográfico como elemento de entrada Cobán, Alta Verapaz.
Subdivisión general Ingenieria
-- Balasto
-- Granulometría
-- Compactación
-- Mantenimiento
-- Reparación
700 ## - ENTRADA AGREGADA--NOMBRE PERSONAL
Nombre de persona Ing. Jorge Haroldo Dubón Xitumul
Término indicativo de función/relación Asesor
856 ## - LOCALIZACIÓN Y ACCESO ELECTRÓNICOS
Identificador Uniforme de Recurso <a href="https://drive.google.com/file/d/1PdRkV-ow_bbmRJiJ72oDVpn7K7e6fM4N/view">https://drive.google.com/file/d/1PdRkV-ow_bbmRJiJ72oDVpn7K7e6fM4N/view</a>
Texto de enlace PDF
Nota pública Un ejemplar en línea.
942 ## - ELEMENTOS DE ENTRADA SECUNDARIOS (KOHA)
Fuente de la clasificación o esquema de estantería Clasificación Decimal Dewey
Tipo de ítem Koha TESIS
Parte de la signatura que identifica el ejemplar (Parte del ítem) TIC 0047
Prefijo de la signatura Clasificación
Suprimir en OPAC No
-- TIC_0047_000000000000000
Existencias
Estatus retirado Estado de pérdida Fuente de la clasificación o esquema de estantería Estado de daño No para préstamo Colección Biblioteca de origen Biblioteca actual Ubicación en estantería Fecha de adquisición Número de inventario Total de préstamos Signatura topográfica completa Código de barras Visto por última vez Precio de reemplazo Tipo de ítem Koha
    Clasificación Decimal Dewey     tesis BIBLIOTECA- CUNOR -JOSÉ LUIS GONZALES ROSALES BIBLIOTECA- CUNOR -JOSÉ LUIS GONZALES ROSALES Colección tesis 16/09/2025 TIC 0047   TIC 0047 TIC 0047 16/09/2025 16/09/2025 TESIS